Z nákladov na reštrukturalizáciu bánk sa 60 až 70 percent vrátilo

Rozhovor s Ing. Jurajom Renčkom, CSc. o reštrukturalizácii a privatizácii vybratých bánk na Slovensku. Spôsob, cena a výsledok reštrukturalizácie vybratých bánk. Kritika reštrukturalizácie. Výnos z privatizácie bánk.

Gespeichert in:
Bibliographische Detailangaben
1. Verfasser: Legéň, Anton
Weitere Verfasser: Renčko, Juraj
Format: Buchkapitel
Sprache:Slowakisch
Schlagworte:
Tags: Tag hinzufügen
Keine Tags, Fügen Sie das erste Tag hinzu!

MARC

LEADER 00000naa a2200000 4500
001 r048359
005 20230925124758.3
041 0 |a slo 
044 |a SK 
245 1 0 |a Z nákladov na reštrukturalizáciu bánk sa 60 až 70 percent vrátilo  |c Anton Legéň, Juraj Renčko 
520 |a Rozhovor s Ing. Jurajom Renčkom, CSc. o reštrukturalizácii a privatizácii vybratých bánk na Slovensku. Spôsob, cena a výsledok reštrukturalizácie vybratých bánk. Kritika reštrukturalizácie. Výnos z privatizácie bánk. 
610 2 0 |a reštrukturalizácia finančná 
610 2 0 |a reštrukturalizácia 
610 2 0 |a banky 
610 2 0 |a privatizácia 
610 2 0 |a výnosy 
610 2 0 |a Slovensko 
100 1 |a Legéň, Anton 
700 1 |a Renčko, Juraj